Les dessins /

Saved in:
நூற்பட்டியல் விவரங்கள்
தலைமை எழுத்தாளர்: Solojoff, Dan.
குழும எழுத்தாளர்: Flegon Press.
மற்ற எழுத்தாளர்கள்: Waldemar George, 1893-
வடிவம்: புத்தகம்
மொழி:French
வெளியீடப்பட்டது: London : Flegon Press, 1979.
பகுதிகள்:
குறியீடுகள்: குறிச்சொல் இணை
குறியீடுகள் இல்லை, இந்த குறிச்சொல்லை முதலில் பதிவு செய்யுங்கள்!
LEADER 00625nam a2200217 a 4500
001 009195991-8
005 20030919165844.0
008 850313s1979 enka 000 0 fre d
035 0 |a ocm11801913 
040 |a PLF  |c PLF 
100 1 |a Solojoff, Dan. 
245 1 4 |a Les dessins /  |c Dan Solojoff. 
260 |a London :  |b Flegon Press,  |c 1979. 
300 |a [48] p. :  |b chiefly ill. ;  |c 30 cm. 
500 |a "Les illuminations de Dan Solojoff" (p. 5) written by Waldemar George. 
600 1 0 |a Solojoff, Dan. 
700 0 |a Waldemar George,  |d 1893- 
710 2 |a Flegon Press. 
752 |a England  |d London. 
988 |a 20030919 
906 |0 OCLC